000 01183 a2200229 4500
001 47666
005 20260407155743.0
008 260407a1985 arg spa d
003 AR-UNSa-BCEJYS
040 _aAR-UNSa-BCEJYS
_bspa
_cAR-UNSa-BCEJYS
080 _a330
_xEconomía en general
245 1 0 _aMicofundamentos la compatibilidad entre la micro y la macreconomía
020 _a84-206-2396-2
264 1 _aMadrid :
_bAlianza Editorial
_c1985
300 _a198 p.
_c20 cm.
505 _aParte I: INTRODUCCIÓN: 1. Punto de partida - 2. El desarrollo del programa neowalrasiano: 1930-1960 - 3. Enésimo examen del sistema Keynesiano - 4. La síntesis neowalrasiana - 5. La coordinación general del sistema -- Parte II: INTRODUCCIÓN: 6. Los modelos de equilibrio walrasiano - 7. La teoría walrasiana del desequilibrio - 8. El equilibrio edgeworthiano - 9. El análisis edgeworthiano del desequilibrio -- Parte III: 10. Breve conclusión.
942 _cBK
590 _aniveau_biblio:m niveau_hierar:0
100 1 _aBueno Lastra, Juan
700 1 _aWeintraub, E. Roy
856 4 1 _uhttps://biblioeco.unsa.edu.ar/pmb/images/libros/L127629.jpg
_yImagen de portada
_qimage/jpeg
999 _c4431
_d4431